[Event "San Jose Metropolitano op-B 45th"]
[Site "San Jose"]
[Date "2024.12.27"]
[Round "4"]
[White "Reinhard Pinto, Dietmar"]
[Black "Rodriguez Jimenez, Jose Daniel"]
[Result "1/2-1/2"]
[WhiteElo "1725"]
[BlackElo "1868"]
[PlyCount "42"]
[EventDate "2024.12.26"]
[EventType "tourn"]
[EventRounds "9"]
[EventCountry "CRI"]
[SourceTitle "CB02_2025"]
[SourceDate "2025.01.08"]
[SourceVersion "1"]
[SourceVersionDate "2025.01.08"]
[SourceQuality "1"]

1. e4 e6 2. d4 d5 3. exd5 exd5 4. Nf3 Bd6 5. c4 c6 6. c5 Bc7 7. Bd3 Nf6 8. Qe2+ Qe7 9. Qxe7+ Kxe7 10. Bg5 h6 11. Bh4 Re8 12. 0-0 Nbd7 13. Re1+ Kf8 14. Nc3 a5 15. a4 g5 16. Bg3 Bxg3 17. hxg3 Nb8 18. Ne5 Nfd7 19. Nf3 Nf6 20. Ne5 Nfd7 21. Nf3 Nf6 1/2-1/2

[Event "CRI-chT"]
[Site "San Jose"]
[Date "2024.05.12"]
[Round "4.1"]
[White "Rodriguez Jimenez, Jose Daniel"]
[Black "Arias Formoso, Rodolfo"]
[Result "1-0"]
[WhiteElo "1840"]
[BlackElo "1988"]
[PlyCount "67"]
[EventDate "2024.04.28"]
[EventType "team-swiss"]
[EventRounds "7"]
[EventCountry "CRI"]
[SourceTitle "EXT 2025"]
[Source "ChessBase"]
[SourceDate "2024.10.14"]
[SourceVersion "1"]
[SourceVersionDate "2024.10.14"]
[SourceQuality "1"]
[WhiteTeam "Puro Ajedrez"]
[BlackTeam "Equipo Senior"]
[WhiteTeamCountry "CRI"]
[BlackTeamCountry "CRI"]

1. e4 d5 2. exd5 Qxd5 3. Nc3 Qa5 4. Nf3 Nf6 5. Bc4 Bf5 6. d3 e6 7. Bd2 c6 8. Nd5 Qd8 9. Nxf6+ gxf6 10. Nh4 Bg6 11. Qe2 Nd7 12. f4 f5 13. Nxg6 hxg6 14. Bc3 Nf6 15. 0-0-0 Bg7 16. Kb1 0-0 17. h3 b5 18. Bb3 a5 19. a3 Qb6 20. Be5 a4 21. Ba2 b4 22. axb4 a3 23. c3 c5 24. bxc5 Qxc5 25. b4 Qc6 26. g4 Rfc8 27. gxf5 exf5 28. Rhg1 Nh5 29. Qxh5 gxh5 30. Rxg7+ Kf8 31. Rxf7+ Ke8 32. Rg1 Qc4 33. Bxc4 Rxc4 34. Rh7 1-0

[Event "CRI-chT"]
[Site "San Jose"]
[Date "2024.05.05"]
[Round "3.1"]
[White "Rodriguez Jimenez, Jose Daniel"]
[Black "Ramirez Madrid, Gerardo Alfonso"]
[Result "0-1"]
[WhiteElo "1840"]
[BlackElo "1959"]
[PlyCount "160"]
[EventDate "2024.04.28"]
[EventType "team-swiss"]
[EventRounds "7"]
[EventCountry "CRI"]
[SourceTitle "EXT 2025"]
[Source "ChessBase"]
[SourceDate "2024.10.14"]
[SourceVersion "1"]
[SourceVersionDate "2024.10.14"]
[SourceQuality "1"]
[WhiteTeam "Puro Ajedrez"]
[BlackTeam "Costa Rica Univ"]
[WhiteTeamCountry "CRI"]
[BlackTeamCountry "CRI"]

1. e4 c5 2. Nf3 d6 3. c3 Nf6 4. h3 Nc6 5. Bd3 d5 6. exd5 Qxd5 7. Bc2 e5 8. d3 Bf5 9. 0-0 Rd8 10. Re1 Be7 11. Na3 0-0 12. Nc4 Bxd3 13. Bxd3 e4 14. Be2 exf3 15. Qxd5 Nxd5 16. Bxf3 Bf6 17. g3 b5 18. Ne3 Rfe8 19. Bd2 Nxe3 20. Bxe3 Ne5 21. Be2 c4 22. Bxa7 Rd2 23. Rab1 Ra8 24. Be3 Rd7 25. f4 Nd3 26. Bxd3 Rxd3 27. a3 Rad8 28. Kf2 h5 29. Rbc1 g6 30. Rc2 R8d7 31. Ree2 Re7 32. Bc5 Red7 33. Re8+ Kh7 34. Rce2 h4 35. R8e3 hxg3+ 36. Kxg3 Rd2 37. Kf3 Rd1 38. Re1 R1d2 39. R3e2 R2d3+ 40. Be3 R7d5 41. Rc1 Rd7 42. Rcc2 Re7 43. Rc1 Red7 44. Ra1 Rb7 45. a4 b4 46. cxb4 Rxb4 47. a5 Rxb2 48. Rc1 Rxe2 49. Kxe2 Ra3 50. Bb6 Bc3 51. Kf1 Bxa5 52. Bxa5 Rxa5 53. Rxc4 Ra2 54. Rc7 Kg7 55. Rc3 Kf6 56. Kg1 Kf5 57. Rc7 f6 58. Rc4 Re2 59. Rc6 Re4 60. Kg2 Rxf4 61. Kg3 g5 62. Ra6 Rb4 63. Kf3 Rb3+ 64. Kg2 Re3 65. Rb6 Ke5 66. Rb5+ Kf4 67. Rb4+ Re4 68. Rb3 Re2+ 69. Kf1 Ra2 70. Rb4+ Kg3 71. Rb6 Rf2+ 72. Kg1 Rf3 73. h4 Kxh4 74. Kg2 g4 75. Rb5 f5 76. Rb8 Ra3 77. Rh8+ Kg5 78. Rb8 Ra2+ 79. Kh1 Kh4 80. Rf8 Kg3 0-1